ARRUPE JESUIT UNIVERSITY

CORONAVIRUS -STOP THE SPREAD - CLEAN,DISINFECT,COVER

Paths toward a clearing : (Record no. 99196)

MARC details
000 -LEADER
fixed length control field 01175pam a2200325 a 4500
001 - CONTROL NUMBER
control field 2439335
003 - CONTROL NUMBER IDENTIFIER
control field ARRUPE
005 - DATE AND TIME OF LATEST TRANSACTION
control field 20170614104001.0
008 - FIXED-LENGTH DATA ELEMENTS--GENERAL INFORMATION
fixed length control field 881003s1989 inua b s001 0 eng
010 ## - LIBRARY OF CONGRESS CONTROL NUMBER
LC control number 88046021
020 ## - INTERNATIONAL STANDARD BOOK NUMBER
International Standard Book Number 0253331900
020 ## - INTERNATIONAL STANDARD BOOK NUMBER
International Standard Book Number 0253205344 (pbk.)
040 ## - CATALOGING SOURCE
Original cataloging agency DLC
Transcribing agency DLC
Modifying agency DLC
043 ## - GEOGRAPHIC AREA CODE
Geographic area code f-sl---
050 00 - LIBRARY OF CONGRESS CALL NUMBER
Classification number DT516.45.K85
Item number J3 1989
082 00 - DEWEY DECIMAL CLASSIFICATION NUMBER
Classification number 306/.089963
Edition number 19
300 ## - PHYSICAL DESCRIPTION
Other physical details ill. ;
Dimensions 25 cm.
100 1# - MAIN ENTRY--PERSONAL NAME
Personal name Jackson, Michael,
Dates associated with a name 1940-
9 (RLIN) 32562
245 10 - TITLE STATEMENT
Title Paths toward a clearing :
Remainder of title radical empiricism and ethnographic inquiry /
Statement of responsibility, etc Michael Jackson.
260 ## - PUBLICATION, DISTRIBUTION, ETC. (IMPRINT)
Place of publication, distribution, etc Bloomington :
Name of publisher, distributor, etc Indiana University Press,
Date of publication, distribution, etc c1989.
300 ## - PHYSICAL DESCRIPTION
Extent xi, 239 p. :
440 #0 - SERIES STATEMENT/ADDED ENTRY--TITLE
Title African systems of thought
9 (RLIN) 20091
504 ## - BIBLIOGRAPHY, ETC. NOTE
Bibliography, etc Includes bibliographical references (p. [218]-232).
650 #0 - SUBJECT ADDED ENTRY--TOPICAL TERM
Topical term or geographic name as entry element Kuranko (African people)
9 (RLIN) 32563
650 #0 - SUBJECT ADDED ENTRY--TOPICAL TERM
Topical term or geographic name as entry element Ethnology
General subdivision Philosophy.
9 (RLIN) 32564
650 #0 - SUBJECT ADDED ENTRY--TOPICAL TERM
Topical term or geographic name as entry element Ethnophilosophy.
9 (RLIN) 32565
650 #0 - SUBJECT ADDED ENTRY--TOPICAL TERM
Topical term or geographic name as entry element Knowledge, Theory of.
9 (RLIN) 32566
906 ## - LOCAL DATA ELEMENT F, LDF (RLIN)
a 7
b cbc
c orignew
d 1
e ocip
f 19
g y-gencatlg
942 ## - ADDED ENTRY ELEMENTS (KOHA)
Source of classification or shelving scheme Library of Congress Classification
Koha item type Monograph ( Printed materials)
Holdings
Withdrawn status Lost status Source of classification or shelving scheme Damaged status Not for loan Collection code Home library Current library Shelving location Date acquired Total Checkouts Full call number Barcode Date last seen Date checked out Copy number Price effective from Koha item type
    Library of Congress Classification     Main Collection ARRUPE LIBRARY ARRUPE LIBRARY   07/03/2013 1 DT516.45.K85J3 1989 46003034320 05/03/2018 05/02/2018 1 07/03/2013 Monograph ( Printed materials)

 

Arrupe Library. PO Box MP320 Mt Pleasant, Harare, Zimbabwe
263 242 745411|librarian@aju.ac.zw